00494nam a2200205Ia 450000500170000000800460001702000180006303700100008104000080009104000080009904000080010704100080011504100080012308400080013124500290013926000320016826000090020065000300020985600490023920260306145918.0008 260114s9999 xx 000 0 eng d a9780271083919 aEbook aCRL beng cCRL 2eng aeng qCRL 4aThe Politics of the Book bPenn State University Press c2019 aLinguistics and Semiotics uhttps://www.degruyter.com/isbn/9780271083919